| 000 | 00565cam a22001694a 4500 | ||
|---|---|---|---|
| 020 | _a1559637544 (paper : alk. paper) | ||
| 040 | _cDLC | ||
| 082 | 0 | 0 | _a577 ISL 2000 A080 Or. |
| 245 | 0 | 0 |
_aNature in focus : _brapid ecological assessment / |
| 260 |
_aWashington, D.C. : _bIsland Press, _cc2000. |
||
| 300 |
_axix, 182 p. : _bill. (some col.), maps (some col.) ; _c28 cm. |
||
| 650 | 0 | _aEcological surveys | |
| 650 | 0 | _aBiodiversity conservation. | |
| 700 | 1 | _aSayre, Roger. | |
| 856 | 4 | 2 | _uhttp://www.loc.gov/catdir/enhancements/fy0666/99037188-d.html |
| 942 | _cEK | ||
| 999 |
_c15622 _d15622 |
||